000 00515nam a2200169Ia 4500
003 GCL
008 140319s9999 xx 000 0 ara d
040 _aGCL /
_cGCL
082 0 4 _aق
_b953.07393
_bج ا
100 1 _aجرجس بن العميد
245 1 0 _aاخبار الايوبيين /
_cجرجس بن العميد
300 _a63 ص
490 _a
650 0 4 _aمصر - تاريخ - العصر الاسلامى
650 0 4 _aمصر - تاريخ - العصر الحديث (1805 - 1956 )
942 _2ddc
_cBK
999 _c39356
_d39356